Los fichajes más caros del fútbol - Futbolistas ingleses - Estadísticas

Estadísticas generales
  • Esta prueba ha sido intentada 146 veces
  • La puntuación promedio es 9 de 10
Estadísticas de respuestas
Coste (M €) Temporada Último club Nuevo club Jugador % Correcto
117,50 2021-2022 Aston Villa Manchester City Jack Grealish
98%
103,00 2023-2024 Borussia Dortmund Real Madrid Jude Bellingham
98%
95,00 2023-2024 Tottenham Bayern Múnich Harry Kane
95%
85,00 2021-2022 Borussia Dortmund Manchester United Jadon Sancho
91%
116,60 2023-2024 West Ham Arsenal Declan Rice
90%
63,70 2015-2016 Liverpool Manchester City Raheem Sterling
86%
56,20 2022-2023 Manchester City Chealsea Raheem Sterling
86%
87,00 2019-2020 Leicester City Manchester United Harry Maguire
85%
64,20 2023-2024 Chelsea Manchester United Mason Mount
75%
58,50 2021-2022 Brighton Arsenal Ben White
52%
No se encontraron pruebas coincidentes
Distribución de puntuación
Porcentaje de gente con cada puntuación
Porcentaje por número respondido
Historial de tus puntuaciones
No has intentado esta prueba.